|
|
|
|
| LEADER |
03067nam a2200505 4500 |
| 001 |
978-3-319-91794-8 |
| 003 |
DE-He213 |
| 005 |
20190928021234.0 |
| 007 |
cr nn 008mamaa |
| 008 |
180921s2018 gw | s |||| 0|eng d |
| 020 |
|
|
|a 9783319917948
|9 978-3-319-91794-8
|
| 024 |
7 |
|
|a 10.1007/978-3-319-91794-8
|2 doi
|
| 040 |
|
|
|d GrThAP
|
| 050 |
|
4 |
|a PN1560-1590
|
| 072 |
|
7 |
|a AS
|2 bicssc
|
| 072 |
|
7 |
|a PER000000
|2 bisacsh
|
| 072 |
|
7 |
|a AT
|2 thema
|
| 082 |
0 |
4 |
|a 790
|2 23
|
| 100 |
1 |
|
|a Garner, Jr., Stanton B.
|e author.
|4 aut
|4 http://id.loc.gov/vocabulary/relators/aut
|
| 245 |
1 |
0 |
|a Kinesthetic Spectatorship in the Theatre
|h [electronic resource] :
|b Phenomenology, Cognition, Movement /
|c by Stanton B. Garner, Jr.
|
| 250 |
|
|
|a 1st ed. 2018.
|
| 264 |
|
1 |
|a Cham :
|b Springer International Publishing :
|b Imprint: Palgrave Macmillan,
|c 2018.
|
| 300 |
|
|
|a XII, 277 p.
|b online resource.
|
| 336 |
|
|
|a text
|b txt
|2 rdacontent
|
| 337 |
|
|
|a computer
|b c
|2 rdamedia
|
| 338 |
|
|
|a online resource
|b cr
|2 rdacarrier
|
| 347 |
|
|
|a text file
|b PDF
|2 rda
|
| 490 |
1 |
|
|a Cognitive Studies in Literature and Performance
|
| 505 |
0 |
|
|a Introduction -- Movement and Animation.-Movement, Difference, Ability -- Movement, Attention, and Intentionality.-Kinesthetic Resonance.-Language, Speech, Movement -- Empathy and Otherness.
|
| 520 |
|
|
|a This book is about the centrality of movement, movement perception, and kinesthetic experience to theatrical spectatorship. Drawing upon phenomenological accounts of movement experience and the insights of cognitive science, neuroscience, acting theory, dance theory, philosophy of mind, and linguistics, it considers how we inhabit the movements of others and how these movements inhabit us. Individual chapters explore the dynamics of movement and animation, action and intentionality, kinesthetic resonance (or mirroring), language, speech, and empathy. In one of its most important contributions to the study of theatre, performance, and spectatorship, this book foregrounds otherness, divergence, and disability in its account of movement perception. The discussions of this and other issues are accompanied by detailed analysis of theatre, puppetry, and dance performances.
|
| 650 |
|
0 |
|a Performing arts.
|
| 650 |
|
0 |
|a Theater.
|
| 650 |
|
0 |
|a Actors.
|
| 650 |
1 |
4 |
|a Performing Arts.
|0 http://scigraph.springernature.com/things/product-market-codes/415030
|
| 650 |
2 |
4 |
|a Performers and Practitioners.
|0 http://scigraph.springernature.com/things/product-market-codes/415090
|
| 650 |
2 |
4 |
|a Contemporary Theatre.
|0 http://scigraph.springernature.com/things/product-market-codes/415040
|
| 710 |
2 |
|
|a SpringerLink (Online service)
|
| 773 |
0 |
|
|t Springer eBooks
|
| 776 |
0 |
8 |
|i Printed edition:
|z 9783319917931
|
| 776 |
0 |
8 |
|i Printed edition:
|z 9783319917955
|
| 776 |
0 |
8 |
|i Printed edition:
|z 9783030063009
|
| 830 |
|
0 |
|a Cognitive Studies in Literature and Performance
|
| 856 |
4 |
0 |
|u https://doi.org/10.1007/978-3-319-91794-8
|z Full Text via HEAL-Link
|
| 912 |
|
|
|a ZDB-2-LCM
|
| 950 |
|
|
|a Literature, Cultural and Media Studies (Springer-41173)
|